000
00325nam a2200133Ia 4500
008
191201s2009 xx 000 0 und d
100
_a
SAXENA, Sanjay
245
0
_a
First Course in Computers 2003
250
_a
Rep
260
_a
N. Delhi
_b
Vikas Publication House
_c
2009
300
_a
MISC
650
_a
BBA
942
_2
ddc
_c
BK
999
_c
4537
_d
4537